Normal view
MARC view
- المضاربات- فقه اسلامي- الاسلام والاقتصاد
Entry Topical Term
001 - CONTROL NUMBER
- control field: 21121
003 - CONTROL NUMBER IDENTIFIER
- control field: JO-AjAnu
005 - DATE AND TIME OF LATEST TRANSACTION
- control field: 20230606073650.0
008 - FIXED-LENGTH DATA ELEMENTS
- fixed length control field: 230606|| aca||aabn | a|a d
040 ## - CATALOGING SOURCE
- Original cataloging agency: JO-AjAnu
- Transcribing agency: JO-AjAnu
150 ## - HEADING--TOPICAL TERM
- Topical term or geographic name entry element: المضاربات- فقه اسلامي- الاسلام والاقتصاد
670 ## - SOURCE DATA FOUND
- Source citation: Work cat.: (JO-AjAnu)10852: القضاة، زكريا محمد الفالح, author 21120, السلم والمضاربة من عوامل التيسير في الشريعة الإسلامية